000 00670nam a2200217Ii 4500
001 387
003 CO-ViMGA
008 241108s9999||||xx |||||||||||||| ||und||
020 _a842073585X
040 _aCO-ViMGA
_bspa
_erda
_cCO-ViMGA
041 0 _aspa
082 0 4 _aR 398.21 P13e
100 1 _aMichael Page
_950561
245 1 0 _aEnciclopedia de las cosas que nunca existieron :
_bcriaturas, lugares y personas
264 1 _a[Lugar de publicación no identificado] : Anaya, 2003
300 _avolumen
336 _atext
_btxt
_2rdacontent
337 _aunmediated
_bn
_2rdamedia
338 _avolume
_bnc
_2rdacarrier
940 _aidficha_siabuc: 376. -- ficha_no_siabuc:387
999 _c45246
_d45246